00000000cam 2200000zi 4500
0019.960477
003CaOODSP
00520260323110137
006m     o  d f      
007cr cn|||||||||
008260302e202602##onca    ob   f000 0 eng d
020 |a9780660987200
040 |aCaOODSP|beng|erda|cCaOODSP
043 |an-cn---
045 |ay1y2
0861 |aHP35-198/2026E-PDF
1001 |aBailey, Natalie, |eauthor.
24510|aPromoting health equity : |bMental Health of Black Canadians Fund community report 2018-2024.
264 1|aOttawa, ON : |bPublic Health Agency of Canada = Agence de la santé publique du Canada, |cFebruary 2026.
264 4|c©2026
300 |a1 online resource (69 pages) : |bcolour illustrations
336 |atext|btxt|2rdacontent
337 |acomputer|bc|2rdamedia
338 |aonline resource|bcr|2rdacarrier
500 |aIssued also in French under title: Promouvoir l'équité en santé : Fonds pour la santé mentale des communautés noires : rapport 2018 à 2024.
500 |a"Pub.: 250491"--Verso of cover.
500 |a"The Promoting Health Equity: Mental Health of Black Canadians Fund (MHBC) Community Report was led by Natalie Bailey and was co-authored alongside Mathilde St-Louis-Deschênes. …"--Authors and contributors.
504 |aIncludes bibliographical references (pages 50-51).
520 |a"Black people in Canada face significant social and economic challenges that have negative effects on their mental health. The Public Health Agency of Canada (PHAC)'s Promoting Health Equity: Mental Health of Black Canadians (MHBC) Fund supports Black-led, community-based projects that promote positive mental health. These projects aim to increase equity and address the factors that affect mental health, with a focus on anti-Black racism. This report reflects the voices and mental health experiences of Black communities in Canada, using insights from: MHBC Working Group members; the 15 projects funded by the MHBC Fund between 2018 and 2024 …"--Executive summary, page 1.
650 5|aBlack Canadians|xMental health|xGovernment policy|zCanada.
650 5|aBlack Canadians|xMental health services|xGovernment policy|zCanada.
650 5|aBlack Canadians|xMental health services|zCanada|xFinance.
650 0|aRacism against Black people|xHealth aspects|zCanada.
650 0|aDiscrimination in medical care|zCanada.
7102 |aPublic Health Agency of Canada, |eissuing body.
77508|tPromouvoir l'équité en santé : |w(CaOODSP)9.960479
85640|qPDF|s2.74 MB|uhttps://publications.gc.ca/collections/collection_2026/aspc-phac/HP35-198-2026-eng.pdf
85640|qHTML|sN/A|uhttps://health-infobase.canada.ca/mental-health/black-canadians/
986 |a250491